[Event "Open Aubagne 2022/2023"]
[Site "Aubagne"]
[Date "2023.03.04"]
[Round "7.12"]
[White "Hovaguimian, Gerard"]
[Black "Rocchia, Alex"]
[Result "1-0"]
[WhiteElo "1386"]
[BlackElo "1233"]
[PlyCount "75"]
[WhiteTeam "Hay Chess"]
[BlackTeam "Cassis Echecs"]

1. d4 Nf6 2. c4 c5 3. d5 e6 4. Nc3 exd5 5. cxd5 d6 6. e4 g6 7. Bg5 Bg7 8. Bd3
O-O 9. Qd2 Re8 10. O-O-O a6 11. f4 Qc7 12. Re1 b5 13. Bc2 b4 14. Na4 a5 15. Nf3
Na6 16. b3 c4 17. bxc4 Qxc4 18. Kb1 Qb5 19. Nd4 Qb7 20. h3 Nd7 21. g4 Ndc5 22.
Rh2 Nxa4 23. Bxa4 Bd7 24. Bxd7 Qxd7 25. f5 Nc5 26. Rhe2 Na4 27. Ka1 Nc3 28. Re3
Rac8 29. f6 Bf8 30. Nc6 Rxc6 31. dxc6 Qxc6 32. e5 dxe5 33. Rxe5 Rxe5 34. Rxe5
Bd6 35. Rxa5 Qh1+ 36. Qc1 Qxh3 37. Ra8+ Bf8 38. Bh6 1-0

[Event "Open Aubagne 2022/2023"]
[Site "Aubagne"]
[Date "2023.03.04"]
[Round "7.13"]
[White "Normand, Christophe"]
[Black "Cavanihac, Claude"]
[Result "0-1"]
[WhiteElo "1233"]
[BlackElo "1345"]
[PlyCount "78"]
[WhiteTeam "Club d'Echecs Pennois (CEP)"]
[BlackTeam "Cercle d'Echecs Aubagnais"]

1. e4 e5 2. Nf3 Nc6 3. c3 Nf6 4. d4 exd4 5. cxd4 d6 6. d5 Ne7 7. Bb5+ c6 8.
dxc6 bxc6 9. Bd3 Ng6 10. h3 Be7 11. O-O O-O 12. Re1 Qc7 13. Nbd2 Nd7 14. Nf1
Nge5 15. Bc2 Nxf3+ 16. Qxf3 Ne5 17. Qh5 g6 18. Qh6 Bf6 19. f4 Bg7 20. Qh4 Nc4
21. Rb1 Qa5 22. a4 Qb6+ 23. Kh1 Bd4 24. Re2 Ba6 25. f5 Bg7 26. Bh6 Ne5 27. Bxg7
Kxg7 28. f6+ Kh8 29. Qh6 Rg8 30. Rd2 Bxf1 31. Rxf1 Nc4 32. Rxd6 Nxd6 33. Rf4
Qe3 34. e5 Nf5 35. Bxf5 gxf5 36. g4 Rad8 37. Qg7+ Rxg7 38. fxg7+ Kxg7 39. Rf1
Qxh3+ 0-1

[Event "Open Aubagne 2022/2023"]
[Site "Aubagne"]
[Date "2023.03.04"]
[Round "7.15"]
[White "Evrard, Nicolas"]
[Black "Pouliquen, Gilbert"]
[Result "1-0"]
[WhiteElo "1300"]
[BlackElo "1178"]
[PlyCount "127"]
[WhiteTeam "Salon Nostradamus"]
[BlackTeam "Echiquier Marseillais 1872"]

1. d4 Nf6 2. c4 e6 3. Nc3 c5 4. d5 d6 5. e4 exd5 6. exd5 g6 7. Bd3 Bg7 8. Qe2+
Qe7 9. Qxe7+ Kxe7 10. Nge2 Re8 11. O-O Kf8 12. Nb5 Na6 13. Nxd6 Re7 14. a3 b6
15. Rb1 Bd7 16. h3 Ne8 17. Bf4 Be5 18. Bh6+ Kg8 19. Ne4 Bg7 20. Be3 Bf5 21.
N2g3 Bxe4 22. Nxe4 Nb8 23. Rfe1 Nd7 24. f3 Ndf6 25. Bg5 h6 26. Bf4 Nxe4 27.
Rxe4 Rxe4 28. fxe4 Bd4+ 29. Kf1 Kg7 30. e5 g5 31. Bh2 Nc7 32. e6 Nxe6 33. dxe6
fxe6 34. Bg3 Rf8+ 35. Ke2 Re8 36. b3 e5 37. Rf1 Rf8 38. Bf5 a6 39. Be6 b5 40.
Bd5 Rf6 41. Rd1 Rb6 42. Rd3 a5 43. cxb5 Rxb5 44. a4 Rb6 45. Bf2 Rd6 46. Ba8 Re6
47. g4 e4 48. Bxd4+ cxd4 49. Rxd4 Kf6 50. Rxe4 Rb6 51. Bd5 Rd6 52. Bc4 Rc6 53.
Re8 Kg7 54. Re6 Rc5 55. Ke3 Rc7 56. Ke4 Rf7 57. Ke3 Rc7 58. Ke4 Rf7 59. Ke3 Rf6
60. Re7+ Kf8 61. Ra7 Rf4 62. Rxa5 h5 63. Rf5+ Rxf5 64. gxf5 1-0

[Event "Open Aubagne 2022/2023"]
[Site "Aubagne"]
[Date "2023.03.04"]
[Round "7.16"]
[White "Boudet, Nicole"]
[Black "Pretini, Augustin"]
[Result "0-1"]
[WhiteElo "1106"]
[BlackElo "1255"]
[PlyCount "104"]
[WhiteTeam "Club d'Echecs Pennois (CEP)"]
[BlackTeam "Cercle d'Echecs Aubagnais"]

1. e4 e5 2. Nf3 Nc6 3. d4 d6 4. dxe5 dxe5 5. Qxd8+ Kxd8 6. Bc4 Nf6 7. Nc3 Bb4
8. Bd2 Rf8 9. h3 h6 10. a3 Bxc3 11. Bxc3 Nxe4 12. O-O-O+ Ke7 13. Be1 a6 14. g4
Be6 15. Bd3 Nc5 16. Bb4 Nxb4 17. axb4 Nxd3+ 18. cxd3 Bd5 19. Rhe1 Bxf3 20.
Rxe5+ Kd6 21. Rde1 Bd5 22. d4 b6 23. f4 Rac8 24. Kd2 c5 25. bxc5+ bxc5 26.
dxc5+ Rxc5 27. b4 Rc4 28. Ra1 Ra8 29. Ra5 Bg2 30. b5 axb5 31. Rexb5 Rxa5 32.
Rxa5 Rxf4 33. Rh5 Rd4+ 34. Kc3 Rd5 35. h4 Rxh5 36. gxh5 Bf3 37. Kd4 Bxh5 38.
Ke4 g5 39. Kf5 gxh4 40. Kf4 f5 41. Ke3 h3 42. Kf2 f4 43. Kg1 f3 44. Kh2 f2 45.
Kxh3 f1=Q+ 46. Kh4 Qh1+ 47. Kg3 Qf3+ 48. Kh2 Qf2+ 49. Kh3 Qg1 50. Kh4 Ke5 51.
Kh3 Kf4 52. Kh4 Qg4# 0-1

[Event "Open Aubagne 2022/2023"]
[Site "Aubagne"]
[Date "2023.03.04"]
[Round "7.18"]
[White "Belaid, Myriam"]
[Black "Beneddra, Nassim"]
[Result "0-1"]
[WhiteElo "1199"]
[BlackElo "1181"]
[PlyCount "44"]
[WhiteTeam "Cercle d'Echecs Aubagnais"]
[BlackTeam "Echiquier Marseillais 1872"]

1. e4 c6 2. d4 d5 3. Nc3 dxe4 4. Nxe4 Nf6 5. Nxf6+ exf6 6. Nf3 Bg4 7. Be2 Be7
8. O-O O-O 9. b3 Nd7 10. Bb2 Nb6 11. c4 Qc7 12. c5 Nd5 13. Qd3 Rfe8 14. h3 Nf4
15. Qc3 Nxe2+ 16. Kh1 Nxc3 17. Bxc3 Bxf3 18. gxf3 Qf4 19. Kg2 Bd8 20. Rfe1 Bc7
21. Kf1 Qxf3 22. Reb1 Qh1# 0-1

[Event "Open Aubagne 2022/2023"]
[Site "Aubagne"]
[Date "2023.03.04"]
[Round "7.19"]
[White "Belaid, Noa"]
[Black "Periale, Francine"]
[Result "1-0"]
[WhiteElo "1132"]
[BlackElo "1009"]
[PlyCount "73"]
[WhiteTeam "Cercle d'Echecs Aubagnais"]
[BlackTeam "Cercle d'Echecs Aubagnais"]

1. e4 d6 2. d4 Nf6 3. Nc3 g6 4. Nf3 Bg7 5. Bc4 O-O 6. O-O Nc6 7. Be3 Na5 8. Bd3
Bg4 9. h3 Bd7 10. a3 Nc6 11. b4 a6 12. Ne2 e5 13. d5 Ne7 14. c4 b5 15. Ng3 Nh5
16. Nxh5 gxh5 17. Ng5 Ng6 18. Qxh5 h6 19. Nf3 Qf6 20. Bxh6 bxc4 21. Bxg7 Qxg7
22. Bxc4 Nf4 23. Qg5 Ng6 24. Nh2 f6 25. Qg3 f5 26. exf5 Bxf5 27. Nf3 e4 28. Ng5
Rae8 29. Ne6 Bxe6 30. dxe6 Rxe6 31. Bxe6+ Kh7 32. Qg5 e3 33. Qh5+ Qh6 34. Qxh6+
Kxh6 35. fxe3 Rxf1+ 36. Rxf1 Nf8 37. Rxf8 1-0

[Event "Open Aubagne 2022/2023"]
[Site "Aubagne"]
[Date "2023.03.04"]
[Round "7.20"]
[White "Innocenti, Georges"]
[Black "Gregot, Adrien"]
[Result "1-0"]
[WhiteElo "1059"]
[BlackElo "1099"]
[PlyCount "77"]
[WhiteTeam "Cercle d'Echecs Aubagnais"]
[BlackTeam "La Ciotat Echecs (LCE)"]

1. e4 e6 2. d4 d5 3. e5 f6 4. Nf3 fxe5 5. Nxe5 Bd6 6. Bf4 Bxe5 7. Bxe5 Nf6 8.
Bxf6 Qxf6 9. Qf3 Qxd4 10. c3 Qb6 11. b3 d4 12. c4 Qc6 13. Qxc6+ Nxc6 14. Bd3 e5
15. O-O O-O 16. Re1 Be6 17. Nd2 Nb4 18. Bb1 Bf5 19. Rxe5 Bxb1 20. Rxb1 Nd3 21.
Re2 Rae8 22. Rxe8 Rxe8 23. Kf1 Rf8 24. f3 Re8 25. Ne4 Kf7 26. Rd1 Kg6 27. Rxd3
Rd8 28. Nc5 Kf6 29. Nxb7 Rb8 30. Nc5 Rd8 31. Ne4+ Ke5 32. Ke2 a5 33. a4 h5 34.
g3 g6 35. Nc5 g5 36. Nb7 Rd7 37. Nxa5 g4 38. Nc6+ Ke6 39. Nxd4+ 1-0

[Event "Open Aubagne 2022/2023"]
[Site "Aubagne"]
[Date "2023.03.04"]
[Round "7.21"]
[White "Genta, Melina"]
[Black "Periale, Albert"]
[Result "0-1"]
[WhiteElo "1099"]
[BlackElo "1215"]
[PlyCount "82"]
[WhiteTeam "La Ciotat Echecs (LCE)"]
[BlackTeam "Cercle d'Echecs Aubagnais"]

1. e4 e6 2. d4 d5 3. e5 c5 4. Nf3 Nc6 5. Bb5 Bd7 6. Bxc6 Bxc6 7. O-O cxd4 8.
Nxd4 Bc5 9. Nxc6 bxc6 10. Be3 Bxe3 11. fxe3 Qb6 12. Qf3 Nh6 13. Kh1 Qxb2 14.
Nd2 Qxe5 15. Rab1 O-O 16. e4 f5 17. exd5 Ng4 18. g3 cxd5 19. Rfe1 Qf6 20. Re2
Rae8 21. Rb7 Rf7 22. Rxf7 Qxf7 23. Nb3 Qc7 24. Nd4 Qf7 25. h3 Nf6 26. Qe3 Ne4
27. Rg2 h6 28. g4 fxg4 29. hxg4 Qf6 30. Nf3 Re7 31. g5 hxg5 32. Nxg5 Nxg5 33.
Rxg5 Qh6+ 34. Kg1 Qf6 35. Rg2 Rf7 36. Rf2 Qxf2+ 37. Qxf2 Rxf2 38. Kxf2 Kf7 39.
Kg3 g5 40. Kg4 Kf6 41. Kh5 Kf5 0-1

[Event "Open Aubagne 2022/2023"]
[Site "Aubagne"]
[Date "2023.03.04"]
[Round "7.24"]
[White "Ravel, Paul"]
[Black "Turpin, Isabelle"]
[Result "0-1"]
[WhiteElo "1099"]
[BlackElo "1103"]
[PlyCount "80"]
[WhiteTeam "La Ciotat Echecs (LCE)"]
[BlackTeam "Cercle d'Echecs Aubagnais"]

1. e4 c5 2. Nc3 d6 3. Nf3 Bg4 4. h3 Bxf3 5. Qxf3 Nc6 6. Bc4 e6 7. O-O Nd4 8.
Qd3 Qg5 9. Qe3 Qe5 10. Nb5 O-O-O 11. Nxd4 cxd4 12. Qb3 d5 13. Bb5 Bd6 14. Re1
Qh2+ 15. Kf1 Qh1+ 16. Ke2 Qxg2 17. Qa4 Qxe4+ 18. Kd1 Qf3+ 19. Re2 a6 20. Bd3
Qh1+ 21. Re1 Qxh3 22. Qxd4 Nf6 23. c4 e5 24. Qe3 Qg4+ 25. Qe2 Qd4 26. cxd5 Qxd5
27. Bc4 Qg2 28. b3 Bc5 29. Bxf7 Bxf2 30. Be6+ Kb8 31. Rf1 Ne4 32. Bb2 Rxd2+ 33.
Kc1 Rxe2 34. Bxe5+ Ka8 35. Rd1 Be3+ 36. Kb1 Nd2+ 37. Kb2 Nc4+ 38. Kc3 Rc2+ 39.
Kd3 Rd8+ 40. Bd4 Rxd4# 0-1

[Event "Open Aubagne 2022/2023"]
[Site "Aubagne"]
[Date "2023.03.04"]
[Round "7.25"]
[White "Duconseille, Doriane"]
[Black "Pegon, Claude"]
[Result "1-0"]
[WhiteElo "1100"]
[BlackElo "1063"]
[PlyCount "89"]
[WhiteTeam "Echiquier Marseillais 1872"]
[BlackTeam "Cassis Echecs"]

1. d4 d5 2. Bf4 Nf6 3. h3 g6 4. e3 Bg7 5. Nf3 Nbd7 6. Bd3 c5 7. c3 c4 8. Bc2
O-O 9. Nbd2 Re8 10. e4 Nb6 11. e5 Nh5 12. Bh2 f6 13. O-O fxe5 14. Nxe5 e6 15.
Qf3 Rf8 16. Qg4 Nf6 17. Qe2 Nbd7 18. Ndf3 Qc7 19. Nxg6 Re8 20. Bxc7 hxg6 21.
Bxg6 Re7 22. Bd6 Nf8 23. Bc2 Re8 24. Nh2 N8d7 25. Ng4 b5 26. Nxf6+ Nxf6 27. Be5
Bd7 28. Qf3 Rf8 29. Qg3 Rf7 30. Qh4 Kf8 31. Bg6 Ke7 32. Bxf7 Kxf7 33. Rae1 Rh8
34. Qf4 Rh5 35. Re3 Rf5 36. Qg3 a5 37. Bxf6 Rxf6 38. Qc7 Ke7 39. Qxa5 Bh6 40.
Re5 Bf4 41. Rh5 Rh6 42. Rxh6 Bxh6 43. Re1 Bf4 44. g3 Bd6 45. h4 1-0

[Event "Open Aubagne 2022/2023"]
[Site "Aubagne"]
[Date "2023.03.04"]
[Round "7.26"]
[White "Burnel, Marie-France"]
[Black "Terlecki, Mae"]
[Result "1-0"]
[WhiteElo "1012"]
[BlackElo "1009"]
[PlyCount "47"]
[WhiteTeam "Cercle d'Echecs Aubagnais"]
[BlackTeam "La Ciotat Echecs (LCE)"]

1. c4 e5 2. Nc3 Nc6 3. g3 b6 4. Bg2 Bc5 5. e3 Nf6 6. Nge2 O-O 7. O-O d6 8. d4
exd4 9. exd4 Nxd4 10. Nxd4 Re8 11. Bxa8 Be6 12. Nxe6 Qxa8 13. Nxc7 Qd8 14. Nxe8
Qxe8 15. Bg5 h6 16. Bxf6 gxf6 17. Qg4+ Kf8 18. Ne4 Qe5 19. Nxc5 bxc5 20. Rae1
Qxb2 21. Rb1 Qxa2 22. Rfe1 Qa5 23. Rb8+ Qd8 24. Rxd8# 1-0

[Event "Open Aubagne 2022/2023"]
[Site "Aubagne"]
[Date "2023.03.04"]
[Round "7.29"]
[White "Lognos, Lina"]
[Black "Lopez, Marcel"]
[Result "1-0"]
[WhiteElo "1009"]
[BlackElo "1041"]
[PlyCount "55"]
[WhiteTeam "Cercle d'Echecs Aubagnais"]
[BlackTeam "Cassis Echecs"]

1. d4 d5 2. Bf4 Nf6 3. h3 Nh5 4. Bh2 g6 5. e3 Bg7 6. Nc3 c6 7. Bd3 Nf6 8. Nf3
Nbd7 9. O-O h6 10. Ne5 Nxe5 11. Bxe5 Rg8 12. Ne2 Nh5 13. Bxg7 Nxg7 14. c4 dxc4
15. Bxc4 e6 16. a4 Nf5 17. b4 Nd6 18. Bd3 Qe7 19. Rb1 Nf5 20. e4 Nd6 21. Qd2 g5
22. e5 Nf5 23. Ng3 Nxd4 24. Nh5 Kd7 25. Nf6+ Kc7 26. Nxg8 Qf8 27. Nf6 Qg7 28.
Ne8+ 1-0

[Event "Open Aubagne 2022/2023"]
[Site "Aubagne"]
[Date "2023.03.25"]
[Round "8.1"]
[White "Espanet, Fabien"]
[Black "Tramarin, Matteo"]
[Result "1-0"]
[WhiteElo "1552"]
[BlackElo "1666"]
[PlyCount "55"]
[WhiteTeam "Cercle d'Echecs Aubagnais"]
[BlackTeam "Cercle d'Echecs Aubagnais"]

1. e4 Nf6 2. e5 Nd5 3. d4 d6 4. Nf3 g6 5. Bc4 Nb6 6. Bb3 Bg7 7. Ng5 e6 8. Qf3
O-O 9. Qh3 h6 10. Ne4 dxe5 11. dxe5 Qd4 12. Nf6+ Bxf6 13. exf6 Qxf6 14. Bxh6
Re8 15. Nc3 Nc6 16. O-O-O Nd5 17. Ne4 Qe7 18. Bg5 f6 19. Rxd5 fxg5 20. Rxg5 Kg7
21. Qg3 Qf7 22. Rg4 Re7 23. Rf4 Qe8 24. Nf6 Qd8 25. Rg4 Nd4 26. Rxg6+ Kf7 27.
Rg7+ Kxf6 28. Qg5# 1-0

[Event "Open Aubagne 2022/2023"]
[Site "Aubagne"]
[Date "2023.03.25"]
[Round "8.2"]
[White "Madi, Chahinez"]
[Black "Mouhieddine, Hocine"]
[Result "1-0"]
[WhiteElo "1459"]
[BlackElo "1620"]
[PlyCount "49"]
[WhiteTeam "Cercle d'Echecs Aubagnais"]
[BlackTeam "Echiquier Marseillais 1872"]

1. e4 d6 2. d4 e5 3. Nf3 exd4 4. Nxd4 Nf6 5. Nc3 Be7 6. Bd3 O-O 7. O-O c6 8.
Re1 Re8 9. Bg5 Qb6 10. e5 dxe5 11. Rxe5 Bg4 12. Nf3 Qxb2 13. Bxf6 gxf6 14. Re3
Bxf3 15. Rxf3 Bb4 16. Rb1 Qxc3 17. Bxh7+ Kxh7 18. Rxc3 Bxc3 19. Qd3+ Kg7 20.
Qxc3 Re7 21. h3 Na6 22. Qg3+ Kf8 23. Qh4 Kg7 24. Rb3 Re1+ 25. Kh2 1-0

[Event "Open Aubagne 2022/2023"]
[Site "Aubagne"]
[Date "2023.03.25"]
[Round "8.3"]
[White "Roganova, Maxime"]
[Black "Vrillet, Loan"]
[Result "1-0"]
[WhiteElo "1787"]
[BlackElo "1306"]
[PlyCount "57"]
[WhiteTeam "Cercle d'Echecs Aubagnais"]
[BlackTeam "Cercle d'Echecs Aubagnais"]

1. e4 c6 2. d4 d5 3. Nd2 dxe4 4. Nxe4 Nd7 5. Ng5 Ndf6 6. Bc4 e6 7. Ne2 Ne7 8.
O-O Ned5 9. Bb3 Bd6 10. c4 Ne7 11. Re1 Qc7 12. Ng3 h6 13. Nf3 Ng6 14. c5 Bxg3
15. hxg3 O-O 16. Ne5 Nxe5 17. dxe5 Rd8 18. Qf3 Nd5 19. Qg4 Kh8 20. Bc2 f5 21.
exf6 Nxf6 22. Qg6 Bd7 23. Bf4 Be8 24. Bxc7 Bxg6 25. Bxg6 Rd7 26. Bd6 Ne8 27.
Rxe6 Nxd6 28. Rxd6 Rxd6 29. cxd6 1-0

[Event "Open Aubagne 2022/2023"]
[Site "Aubagne"]
[Date "2023.03.25"]
[Round "8.4"]
[White "Cotton, Paul"]
[Black "Madi, Mohammed"]
[Result "0-1"]
[WhiteElo "1306"]
[BlackElo "1353"]
[PlyCount "68"]
[WhiteTeam "Cercle d'Echecs Aubagnais"]
[BlackTeam "Cercle d'Echecs Aubagnais"]

1. c4 Nf6 2. Nf3 c5 3. g3 g6 4. Bg2 Nc6 5. Nc3 Bg7 6. O-O d6 7. d3 O-O 8. a3
Rb8 9. Rb1 e5 10. Bd2 Re8 11. b4 cxb4 12. axb4 a6 13. b5 axb5 14. Nxb5 Nh5 15.
Ng5 Nf6 16. Ne4 Nxe4 17. Bxe4 Bh3 18. Bg2 Bxg2 19. Kxg2 f5 20. e3 g5 21. f4
exf4 22. exf4 g4 23. Bc3 Bxc3 24. Nxc3 Qf6 25. Nd5 Qh6 26. Kh1 Nd4 27. Rb2 Re6
28. Re1 Rbe8 29. Rxe6 Rxe6 30. Qa1 Kf8 31. Qa8+ Re8 32. Qa1 Nf3 33. Qa2 Re1+
34. Kg2 Qxh2# 0-1

[Event "Open Aubagne 2022/2023"]
[Site "Aubagne"]
[Date "2023.03.25"]
[Round "8.5"]
[White "Hassaine, Rachid"]
[Black "Battaglia, Gerard"]
[Result "0-1"]
[WhiteElo "1379"]
[BlackElo "1633"]
[PlyCount "68"]
[WhiteTeam "Cercle d'Echecs Aubagnais"]
[BlackTeam "Echiquier Marseillais 1872"]

1. e4 e5 2. d4 exd4 3. c3 c5 4. cxd4 cxd4 5. Nf3 Nc6 6. Bc4 Be7 7. Nxd4 Nf6 8.
e5 Qa5+ 9. Nc3 Nxe5 10. O-O Nxc4 11. Re1 Qd8 12. Nf5 Kf8 13. Nxe7 d6 14. Bg5
Be6 15. Bxf6 gxf6 16. Ned5 Rc8 17. Qh5 Kg7 18. Re4 Ne5 19. Rh4 h6 20. Rf4 f5
21. Ne3 Qg5 22. Nxf5+ Kf8 23. Qxg5 hxg5 24. Rb4 Bxf5 25. Rxb7 a5 26. Rd1 Nd3
27. g4 Bg6 28. Rd7 Nxb2 29. Rd2 Nc4 30. Re2 Ne5 31. Rxd6 Nf3+ 32. Kg2 Rxc3 33.
h3 Rxh3 34. Kxh3 Ng1+ 0-1

[Event "Open Aubagne 2022/2023"]
[Site "Aubagne"]
[Date "2023.03.25"]
[Round "8.6"]
[White "Roman, Sylvian"]
[Black "Touaoula, Rachid"]
[Result "0-1"]
[WhiteElo "1249"]
[BlackElo "1386"]
[PlyCount "114"]
[WhiteTeam "Cercle d'Echecs Aubagnais"]
[BlackTeam "Echiquier Marseillais 1872"]

1. d4 Nf6 2. Bf4 g6 3. Nc3 d5 4. Nf3 Bg7 5. Qd2 h6 6. h3 c6 7. O-O-O Nbd7 8. g4
b5 9. Ne5 Nxe5 10. Bxe5 Qa5 11. b3 Qa3+ 12. Kb1 a5 13. Ka1 a4 14. Nb1 Ne4 15.
Nxa3 Nxd2 16. Rxd2 Bxe5 17. b4 Bd6 18. c3 f5 19. f3 e5 20. e3 Bd7 21. Bg2 O-O-O
22. Nc2 e4 23. a3 h5 24. g5 exf3 25. Bxf3 Rde8 26. h4 f4 27. Rg1 Bf5 28. Bd1
Rhg8 29. Re2 Bg4 30. Ree1 Bxd1 31. Rxd1 fxe3 32. Rde1 Bf4 33. Re2 Kd7 34. Ne1
Rgf8 35. Nd3 Bd6 36. Ne5+ Bxe5 37. dxe5 Rxe5 38. Rge1 Rf3 39. Kb2 Ke6 40. Kc2
Rf2 41. Kd3 Rxe2 42. Rxe2 Re4 43. Rxe3 Rxe3+ 44. Kxe3 Ke5 45. Kd3 Kf4 46. Kd4
Kg4 47. Kc5 Kxh4 48. Kxc6 Kxg5 49. Kxb5 h4 50. Ka6 h3 51. b5 h2 52. b6 h1=Q 53.
b7 Qf1+ 54. Ka7 Qf7 55. Ka8 Qe8+ 56. b8=Q Qxb8+ 57. Kxb8 Kf4 0-1

[Event "Open Aubagne 2022/2023"]
[Site "Aubagne"]
[Date "2023.03.25"]
[Round "8.7"]
[White "Madi, Walid"]
[Black "Maggio, Lucas"]
[Result "1/2-1/2"]
[WhiteElo "1313"]
[BlackElo "1262"]
[PlyCount "44"]
[WhiteTeam "Cercle d'Echecs Aubagnais"]
[BlackTeam "Cercle d'Echecs Aubagnais"]

1. d4 d5 2. c4 e6 3. Nc3 Nf6 4. Bg5 Nbd7 5. Nf3 c6 6. e3 Qa5 7. Bxf6 Nxf6 8.
Nd2 Bb4 9. Qc2 Ne4 10. Ncxe4 dxe4 11. c5 O-O 12. Bc4 Bxd2+ 13. Qxd2 Qc7 14. O-O
e5 15. Rfe1 Bf5 16. Bb3 Rad8 17. Rad1 Rd7 18. Qc3 exd4 19. exd4 Bg6 20. d5 cxd5
21. Rxd5 Rxd5 22. Bxd5 Rd8 1/2-1/2

[Event "Open Aubagne 2022/2023"]
[Site "Aubagne"]
[Date "2023.03.25"]
[Round "8.8"]
[White "Pretini, Augustin"]
[Black "Cescon, Moreno"]
[Result "1-0"]
[WhiteElo "1255"]
[BlackElo "1592"]
[PlyCount "67"]
[WhiteTeam "Cercle d'Echecs Aubagnais"]
[BlackTeam "Club d'Echecs Pennois (CEP)"]

1. d4 c5 2. d5 d6 3. c4 Nf6 4. Nc3 g6 5. Bg5 Bg7 6. Nf3 Bf5 7. e3 Qa5 8. Qd2
Qb6 9. Bd3 Bxd3 10. Qxd3 Qxb2 11. Rb1 Qa3 12. Rxb7 Ng4 13. Rxe7+ Kf8 14. h3
Bxc3+ 15. Nd2 Qc1+ 16. Ke2 Qxd2+ 17. Qxd2 Bxd2 18. Kxd2 Nxf2 19. Rf1 Na6 20.
Rxf2 f5 21. g4 h6 22. Bf6 fxg4 23. hxg4 Rc8 24. Rxa7 Kg8 25. Bxh8 Nb4 26. a3
Na2 27. Bc3 h5 28. Rff7 hxg4 29. Rg7+ Kf8 30. Raf7+ Ke8 31. Re7+ Kf8 32. Bf6
Rb8 33. Rxg6 Rb1 34. Rh6 1-0

[Event "Open Aubagne 2022/2023"]
[Site "Aubagne"]
[Date "2023.03.25"]
[Round "8.9"]
[White "Autouard, Jean-Luc"]
[Black "Ghazarian, David"]
[Result "0-1"]
[WhiteElo "1249"]
[BlackElo "1579"]
[PlyCount "100"]
[WhiteTeam "Cercle d'Echecs Aubagnais"]
[BlackTeam "Cercle d'Echecs Aubagnais"]

1. e4 b6 2. d4 Bb7 3. Bd3 e6 4. Nf3 Nf6 5. e5 Nd5 6. O-O c5 7. c3 Nc6 8. Be4
Nc7 9. d5 exd5 10. Bxd5 Nxd5 11. Qxd5 Na5 12. Qd3 Qc7 13. c4 Nxc4 14. Qxc4 Ba6
15. Qf4 Bxf1 16. Kxf1 h6 17. Nc3 Qc6 18. Ne4 O-O-O 19. Nd6+ Bxd6 20. exd6 g5
21. Qf6 Rde8 22. Be3 g4 23. Ne5 Qb5+ 24. Ke1 Qxb2 25. Nxg4 Qb4+ 26. Kf1 Qxg4
27. Rc1 Rhg8 28. g3 Re6 29. Qxf7 Rxd6 30. f3 Qe6 31. Qf4 Re8 32. Re1 Rd4 33.
Qxh6 Qc4+ 34. Kf2 Rd3 35. g4 Rdxe3 36. Rxe3 Qd4 37. Ke2 Qb2+ 38. Kd3 Qd4+ 39.
Ke2 Qc4+ 40. Kf2 Qd4 41. Ke2 Qb2+ 42. Kd1 Qb1+ 43. Kd2 Rxe3 44. Qxe3 Qxa2+ 45.
Kd3 Qxh2 46. g5 Kd8 47. g6 Qd6+ 48. Ke2 Qxg6 49. Qf4 Qc2+ 50. Ke3 Qc1+ 0-1

[Event "Open Aubagne 2022/2023"]
[Site "Aubagne"]
[Date "2023.03.25"]
[Round "8.10"]
[White "Tramarin, Lucas"]
[Black "Hovaguimian, Gerard"]
[Result "1/2-1/2"]
[WhiteElo "1220"]
[BlackElo "1386"]
[PlyCount "76"]
[WhiteTeam "Cercle d'Echecs Aubagnais"]
[BlackTeam "Hay Chess"]

1. d4 Nf6 2. Nf3 e6 3. Bg5 Be7 4. e3 d5 5. Bd3 Ne4 6. Bxe7 Qxe7 7. O-O Nd7 8.
Nbd2 f5 9. c4 c6 10. cxd5 exd5 11. Nb3 a5 12. a4 O-O 13. Qc2 g6 14. Rac1 Ng5
15. Nxg5 Qxg5 16. Nd2 Qe7 17. Nf3 Nf6 18. Rfe1 Ne4 19. Ne5 Qf6 20. Bxe4 fxe4
21. Qe2 Qg5 22. f4 exf3 23. Nxf3 Qg4 24. Ne5 Qe4 25. Rf1 Be6 26. Qd3 Bf5 27.
Qxe4 Bxe4 28. g3 Rae8 29. Rf2 h5 30. Rcf1 Bf5 31. Rc1 Kg7 32. Kf1 Bh3+ 33. Ke2
Rxf2+ 34. Kxf2 Rf8+ 35. Ke2 Kf6 36. Rc5 Ra8 37. Rc3 Re8 38. Rb3 Re7 1/2-1/2

[Event "Open Aubagne 2022/2023"]
[Site "Aubagne"]
[Date "2023.03.25"]
[Round "8.11"]
[White "Cavanihac, Claude"]
[Black "Leonti, Denis"]
[Result "1-0"]
[WhiteElo "1345"]
[BlackElo "1179"]
[PlyCount "81"]
[WhiteTeam "Cercle d'Echecs Aubagnais"]
[BlackTeam "Hay Chess"]

1. c4 e5 2. Nc3 Nf6 3. e4 Nc6 4. d3 Bb4 5. Bd2 d6 6. Nge2 Be6 7. h3 Bxc3 8.
Bxc3 Qd7 9. f4 O-O-O 10. f5 Bxf5 11. exf5 Qxf5 12. Ng3 Qe6 13. Be2 Nd4 14. Bxd4
exd4 15. O-O Qe3+ 16. Kh2 h5 17. Rf3 Ng4+ 18. Kh1 Nf2+ 19. Rxf2 Qxf2 20. Ne4
Qh4 21. Qf1 Rdg8 22. Qf5+ Kb8 23. Bf3 g6 24. Qd5 c6 25. Qxd6+ Ka8 26. Qb4 Qd8
27. c5 f5 28. Nd6 Qc7 29. a4 g5 30. Kg1 g4 31. hxg4 fxg4 32. Be4 h4 33. Qxd4 h3
34. g3 h2+ 35. Kg2 Qa5 36. b4 Qxa4 37. Kh1 Qc2 38. b5 Rh3 39. Nf5 cxb5 40.
Bxb7+ Kxb7 41. Qd7+ 1-0

[Event "Open Aubagne 2022/2023"]
[Site "Aubagne"]
[Date "2023.03.25"]
[Round "8.12"]
[White "Batel, Aedann"]
[Black "Evrard, Nicolas"]
[Result "0-1"]
[WhiteElo "1199"]
[BlackElo "1300"]
[PlyCount "78"]
[WhiteTeam "La Ciotat Echecs (LCE)"]
[BlackTeam "Salon Nostradamus"]

1. e4 c6 2. Nf3 d5 3. Nc3 Bg4 4. Be2 Bxf3 5. Bxf3 d4 6. Ne2 d3 7. Nf4 dxc2 8.
Qxc2 e5 9. Ne2 c5 10. d3 Nc6 11. Be3 b6 12. Qa4 Qd7 13. Bg4 Qd6 14. b4 cxb4 15.
d4 Ke7 16. d5 Na5 17. Bd2 Kf6 18. Rb1 h5 19. Bxb4 Qd8 20. Bf3 Bxb4+ 21. Qxb4 g5
22. Bxh5 Rxh5 23. g4 Rh3 24. Ng1 Rd3 25. Qb5 Rd4 26. Nf3 Rxe4+ 27. Kf1 Rxg4 28.
Rd1 a6 29. Qb2 Qd6 30. Qd2 Nc4 31. Qe2 b5 32. Qc2 Rc8 33. Qh7 Ne7 34. Qh5 Nf5
35. Rd3 e4 36. Qxg4 exf3 37. Rg1 Qf4 38. Rd4 Qc1+ 39. Rd1 Qxd1# 0-1

[Event "Open Aubagne 2022/2023"]
[Site "Aubagne"]
[Date "2023.03.25"]
[Round "8.13"]
[White "Beneddra, Nassim"]
[Black "Gamblin, Vincent"]
[Result "0-1"]
[WhiteElo "1181"]
[BlackElo "1454"]
[PlyCount "36"]
[WhiteTeam "Echiquier Marseillais 1872"]
[BlackTeam "L'Echiquier du Roy René"]

1. d4 d5 2. Nf3 Nf6 3. e3 c6 4. c4 Nbd7 5. Be2 Qc7 6. b3 Ne4 7. Bb2 Qa5+ 8.
Nfd2 e6 9. O-O Ndf6 10. Nxe4 Nxe4 11. Nd2 Nxd2 12. Re1 Ne4 13. a3 Bd6 14. c5
Bb8 15. b4 Qc7 16. g3 Qe7 17. f3 Nxg3 18. hxg3 Bxg3 0-1

[Event "Open Aubagne 2022/2023"]
[Site "Aubagne"]
[Date "2023.03.25"]
[Round "8.14"]
[White "Belaid, Noa"]
[Black "Innocenti, Georges"]
[Result "1-0"]
[WhiteElo "1132"]
[BlackElo "1059"]
[PlyCount "47"]
[WhiteTeam "Cercle d'Echecs Aubagnais"]
[BlackTeam "Cercle d'Echecs Aubagnais"]

1. e4 e5 2. Nf3 Nc6 3. Bc4 Nf6 4. Nc3 d6 5. Ng5 Bg4 6. f3 Bh5 7. g4 Bg6 8. d3
h6 9. Nh3 Qc8 10. Nf2 a6 11. Be3 b5 12. Bb3 Na5 13. h4 Nxb3 14. axb3 h5 15. g5
Nd7 16. b4 c5 17. bxc5 dxc5 18. Nd5 Qc6 19. f4 exf4 20. Bxf4 Bd6 21. Qd2 O-O
22. b3 Ne5 23. Bxe5 Bxe5 24. Ne7+ 1-0

[Event "Open Aubagne 2022/2023"]
[Site "Aubagne"]
[Date "2023.03.25"]
[Round "8.15"]
[White "Pouliquen, Gilbert"]
[Black "Normand, Christophe"]
[Result "0-1"]
[WhiteElo "1178"]
[BlackElo "1233"]
[PlyCount "72"]
[WhiteTeam "Echiquier Marseillais 1872"]
[BlackTeam "Club d'Echecs Pennois (CEP)"]

1. d4 Nf6 2. c4 g6 3. Nf3 Bg7 4. g3 d6 5. Bg2 O-O 6. O-O Nbd7 7. Nc3 Re8 8. Rb1
e5 9. dxe5 Nxe5 10. Nxe5 Rxe5 11. Bf4 Re8 12. Re1 Rb8 13. a4 a6 14. Nd5 Nxd5
15. cxd5 Bf5 16. e4 Bg4 17. Qxg4 h5 18. Qd1 h4 19. gxh4 Qxh4 20. Bg3 Qh7 21. b4
Be5 22. f4 Bc3 23. Re2 Bf6 24. e5 Bh4 25. Re3 dxe5 26. fxe5 Bxg3 27. hxg3 Rbd8
28. Kf2 Qg7 29. Qe1 Rf8 30. Rc1 Rd7 31. Qc3 Qh6 32. Rf3 Rxd5 33. Rc2 Rdd8 34.
Ke2 Qh2 35. Kf2 Rd1 36. Qxc7 Qg1+ 0-1